000
00292nam a22001337a 4500
008
180313b xxu||||| |||| 00| 0 eng d
020
_a
9780070577558
041
_a
eng
080
_a
371
100
_a
25
101
_a
EDU
245
_a
Improve Your Sentences
_c
Salak, A.M
942
_2
udc
_c
BK
999
_c
44862
_d
44862